000 00549nam a2200181Ia 4500
008 240729s9999 xx 000 0 und d
022 _a2005-1212
245 0 _aGut and Liver
260 _aKorea, Republic of
260 _bGastroenterology Council for Gut and Liver
650 _a Diseases of the digestive system. Gastroenterology
650 _a Internal medicine
650 _a Specialties of internal medicine
650 _aMedicine
856 _uhttps://doaj.org/toc/daf0ab64ca4b420e8b3b3d0b39eb9cd3
942 _2ddc
942 _cDOAJEJ
999 _c73382
_d73382
945 _a1
_bMadushi Gamage
_c1
_dMadushi Gamage